Movies Quiz

Random Movies or Actor Quiz
Score 0/50 Timer 08:00
0 Plays Today
Year Actor % Correct
1952*Anthony Quinn
94.9%
1956*Anthony Quinn
94.9%
1951*Karl Malden
93.4%
1954Karl Malden
93.4%
1953*Frank Sinatra
91.4%
1955*Jack Lemmon
90.4%
1954Rod Steiger
82.2%
1950*George Sanders
81.2%
1951Peter Ustinov
81.2%
1954Lee J. Cobb
78.2%
1957*Red Buttons
78.2%
1958Lee J. Cobb
78.2%
1955Sal Mineo
76.6%
1958*Burl Ives
75.1%
1950Erich von Stroheim
72.1%
1959George C. Scott
70.1%
1952Jack Palance
69.5%
1953Jack Palance
69.5%
1955Arthur Kennedy
69.5%
1957Arthur Kennedy
69.5%
1958Arthur kennedy
69.5%
1959*Hugh Griffith
68.5%
1952Richard Burton
66%
1952Victor McLaglen
64%
1954*Edmond O'Brien
62.9%
Year Actor % Correct
1953Eddie Albert
59.4%
1956Anthony Perkins
59.4%
1957Sessue Hayakawa
57.4%
1953Brandon deWilde
56.9%
1959Ed Wynn
53.8%
1956Robert Stack
52.3%
1951Gig Young
48.7%
1955Arthur O'Connell
48.7%
1958Gig Young
48.7%
1959Arthur O'Connell
48.7%
1958Theodore Bikel
48.2%
1956Don Murray
47.2%
1953Robert Strauss
46.7%
1957Russ Tamblyn
45.2%
1959Robert Vaughn
45.2%
1950Sam Jaffe
43.1%
1950Edmund Gwenn
41.6%
1956Mickey Rooney
41.6%
1954Tom Tully
41.1%
1950Jeff Chandler
40.6%
1951Leo Genn
39.1%
1951Kevin McCarthy
38.6%
1955Joe Mantell
35.5%
1957Vittorio De Sica
32.5%
1952Arthur Hunnicutt
30.5%
Remove Ads.
Support Sporcle.
Get the best of Sporcle when you Go Orange. This ad-free experience offers more features, more stats, and more fun while also helping to support Sporcle. Thank you for becoming a member.

You're not logged in!

Compare scores with friends on all Sporcle quizzes.
OR
Log In

Show Comments

Extras

Top Quizzes Today


Score Distribution

Your Account Isn't Verified!

In order to create a playlist on Sporcle, you need to verify the email address you used during registration. Go to your Sporcle Settings to finish the process.

Report this User

Report this user for behavior that violates our Community Guidelines.

Details: